Refugees problems in Tamil Nadu / (Record no. 42052)

MARC details
000 -LEADER
fixed length control field 00748nam a22002057a 4500
005 - DATE AND TIME OF LATEST TRANSACTION
control field 20100816103514.0
010 ## - LCCN (DPL NO)
LC control number ENG-100557
020 ## - INTERNATIONAL STANDARD BOOK NUMBER
International Standard Book Number 9788190749039
Terms of availability 100.00
035 ## - SYSTEM CONTROL NUMBER
System control number EN-84090
037 ## - SOURCE OF ACQUISITION
Source of stock number/acquisition DBAD/PUB
082 ## - DEWEY DECIMAL CLASSIFICATION NUMBER
Classification number 325.095431
100 ## - MAIN ENTRY--PERSONAL NAME
Personal name Murugavalli, S.
245 ## - TITLE STATEMENT
Title Refugees problems in Tamil Nadu /
Remainder of title by S. Murugavalli
260 ## - PUBLICATION, DISTRIBUTION, ETC. (IMPRINT)
Place of publication, distribution, etc Chennai
Name of publisher, distributor, etc Andril Pathippagam
Date of publication, distribution, etc 2007
270 ## - ADDRESS
Address 192mJagajeevan Ram Salai,Chepauk
City Chennai
Postal code 600005
300 x# - PHYSICAL DESCRIPTION
Extent 160p.
Dimensions 23cm (pbk)
500 ## - GENERAL NOTE
General note Includes bibliographical references
942 ## - ADDED ENTRY ELEMENTS (KOHA)
Source of classification or shelving scheme Dewey Decimal Classification
Item type English Books
Classification part 325.095431
Call number suffix MUR
Holdings
Withdrawn status Lost status Not for loan Collection code Home library Current library Date acquired Source of acquisition Cost, normal purchase price Full call number Barcode Copy number Cost, replacement price Koha item type
    Not For Loan Non-fiction D.B.Act.Division D.B.Act.Division 16/08/2010 DBAD/PUB 100.00 325.095431 MUR EN-84090 1 100.00 English Books

© Delhi Public Library
Hit Counter
free hit counter